[Event "IECG CE.2002.0.00037 email"]
[Site "IECG email"]
[Date "2002.10.02"]
[Round "?"]
[White "Chuprys, Viktar"]
[Black "Patterson, Eddie"]
[Result "1/2-1/2"]
[WhiteElo "1334"]
[BlackElo "1200"]
[PlyCount "113"]
[EventDate "2002.10.02"]
[EventType "tourn (corr)"]
[EventRounds "6"]
[SourceTitle "Corr 2008"]
[Source "ChessBase"]
[SourceDate "2008.06.24"]
[SourceVersion "1"]
[SourceVersionDate "2008.06.24"]
[SourceQuality "1"]

1. e4 d6 2. d4 Nf6 3. Bd3 e5 4. d5 Nbd7 5. Ne2 c6 6. c4 Nc5 7. b4 Nxd3+ 8. Qxd3 cxd5 9. cxd5 g6 10. f3 Bg7 11. Be3 0-0 12. 0-0 Nh5 13. Nbc3 Bd7 14. Rfc1 f5 15. a4 a6 16. a5 Rc8 17. Qd2 f4 18. Bf2 g5 19. h3 Nf6 20. Bb6 Qe7 21. Nd1 Nh5 22. Nf2 Nf6 23. Ra2 Rxc1+ 24. Qxc1 Rc8 25. Rc2 Qe8 26. Rc7 Rxc7 27. Qxc7 Qc8 28. Qxd6 Qc4 29. Qxe5 Qxe2 30. Qxg5 h6 31. Qh4 Qe1+ 32. Kh2 Qxb4 33. e5 Ne8 34. e6 Bb5 35. Ne4 Qb3 36. Qh5 Kh8 37. Qf5 Qd3 38. e7 Nf6 39. Qc8+ Kh7 40. Nxf6+ Bxf6 41. Qxb7 Be8 42. Qc8 Qg6 43. Qxa6 Qg3+ 44. Kh1 Qe1+ 45. Bg1 Bxe7 46. Qc4 Qb4 47. Qc8 Bf7 48. a6 Qd6 49. a7 Bxd5 50. a8Q Bxa8 51. Qxa8 h5 52. Qe4+ Kh6 53. g3 fxg3 54. h4 Bf6 55. Be3+ Kg7 56. Kg2 Qe7 57. Qxe7+ 1/2-1/2

[Event "IECG CP.2002.P.00056 email"]
[Site "IECG email"]
[Date "2002.10.01"]
[Round "?"]
[White "Patterson, Eddie"]
[Black "Kerry, James Patrick"]
[Result "1-0"]
[WhiteElo "1200"]
[BlackElo "1492"]
[PlyCount "31"]
[EventDate "2002.10.01"]
[EventType "tourn (corr)"]
[EventRounds "6"]
[EventCountry "CZE"]
[SourceTitle "Corr 2008"]
[Source "ChessBase"]
[SourceDate "2008.06.24"]
[SourceVersion "1"]
[SourceVersionDate "2008.06.24"]
[SourceQuality "1"]

1. c4 e5 2. g3 Nf6 3. Bg2 d5 4. cxd5 Nxd5 5. Nf3 Nc6 6. 0-0 Nb6 7. d3 Be7 8. Nbd2 0-0 9. a3 a5 10. b3 Be6 11. Bb2 f6 12. Qc2 Qd7 13. Nc4 Rfd8 14. Rad1 Bh3 15. Bxh3 Qxh3 16. Nxb6 1-0